000 01358nam a2200349 a 4500
001 ebr10167455
003 CaPaEBR
006 m u
007 cr cn|||||||||
008 051123s2006 nyu sb 001 0 eng
010 _z 2005056646
020 _z1403972931
040 _aCaPaEBR
_cCaPaEBR
035 _a(OCoLC)182530960
043 _an-us---
050 1 4 _aPN1995.9.S253
_bC44 2006eb
082 0 4 _a791.43/6557
_222
100 1 _aChennault, Ronald E.
245 1 0 _aHollywood films about schools
_h[electronic resource] :
_bwhere race, politics, and education intersect /
_cRonald E. Chennault.
250 _a1st ed.
260 _aNew York, N.Y. :
_bPalgrave Macmillan,
_c2006.
300 _a192 p.
504 _aIncludes bibliographical references (p. [171]-185) and index.
533 _aElectronic reproduction.
_bPalo Alto, Calif. :
_cebrary,
_d2013.
_nAvailable via World Wide Web.
_nAccess may be limited to ebrary affiliated libraries.
650 0 _aSchools in motion pictures.
650 0 _aEducation in motion pictures.
650 0 _aRace relations in motion pictures.
650 0 _aMotion pictures
_zUnited States.
655 7 _aElectronic books.
_2local
710 2 _aebrary, Inc.
856 4 0 _uhttp://site.ebrary.com/lib/rucke/Doc?id=10167455
_zAn electronic book accessible through the World Wide Web; click to view
999 _c246976
_d246976